Millennium Series Franchise - Statistics

General Stats
  • This quiz has been taken 8 times
  • The average score is 6 of 15
Answer Stats
Type Year Name Info % Correct
Novel 2005 The Girl with the Dragon Tattoo Stieg Larsson
80%
Film 2009 The Girl with the Dragon Tattoo Nordisk Film / NFP
80%
Film 2011 The Girl with the Dragon Tattoo Sony
80%
Graphic Novel 2012 The Girl with the Dragon Tattoo, Book 1 DC Comics
60%
Graphic Novel 2013 The Girl with the Dragon Tattoo, Book 2 DC Comics
60%
TV Mini-Series 2010 Millennium SVT1
40%
Novel 2015 The Girl in the Spider's Web David Lagercrantz
20%
Film 2018 The Girl in the Spider's Web Sony
20%
Novel 2007 The Girl Who Kicked the Hornets' Nest Stieg Larsson
20%
Film 2009 The Girl Who Kicked the Hornets' Nest Nordisk Film / NFP
20%
Graphic Novel 2015 The Girl Who Kicked the Hornets' Nest DC Comics
20%
Novel 2006 The Girl Who Played with Fire Stieg Larsson
20%
Film 2009 The Girl Who Played with Fire Nordisk Film / NFP
20%
Graphic Novel 2014 The Girl Who Played with Fire DC Comics
20%
Novel 2017 The Girl Who Takes an Eye for an Eye David Lagercrantz
0%
No matching quizzes found
Score Distribution
Percent of People with Each Score
Percentile by Number Answered
Your Score History
You have not taken this quiz